A dictionary of phonetics and phonology. (Record no. 68919)
[ view plain ]
| 000 -LEADER | |
|---|---|
| fixed length control field | 00510 a2200181 4500 |
| 008 - FIXED-LENGTH DATA ELEMENTS--GENERAL INFORMATION | |
| fixed length control field | 151208b xxu||||| |||| 00| 0 eng d |
| 020 ## - INTERNATIONAL STANDARD BOOK NUMBER | |
| International Standard Book Number | 978-0-415-11261-1 |
| 041 ## - LANGUAGE CODE | |
| Language code of text/sound track or separate title | Eng. |
| 082 ## - DEWEY DECIMAL CLASSIFICATION NUMBER | |
| Classification number | 403 |
| Item number | T69d |
| 100 ## - MAIN ENTRY--PERSONAL NAME | |
| Personal name | Trask, R. L. |
| 245 ## - TITLE STATEMENT | |
| Title | A dictionary of phonetics and phonology. |
| 260 ## - PUBLICATION, DISTRIBUTION, ETC. | |
| Place of publication, distribution, etc. | London: |
| Name of publisher, distributor, etc. | Routledge, |
| Date of publication, distribution, etc. | 1996. |
| 300 ## - PHYSICAL DESCRIPTION | |
| Extent | xii, 424p. illus. |
| 504 ## - BIBLIOGRAPHY, ETC. NOTE | |
| Bibliography, etc. note | Bibliography: p. 395-424 |
| 650 ## - SUBJECT ADDED ENTRY--TOPICAL TERM | |
| Topical term or geographic name entry element | Dictionaries |
| -- | Phonetics |
| -- | Phonology |
| -- | Pronumciation |
| 653 ## - INDEX TERM--UNCONTROLLED | |
| Uncontrolled term | Language |
| 942 ## - ADDED ENTRY ELEMENTS (KOHA) | |
| Source of classification or shelving scheme | Dewey Decimal Classification |
| Koha item type | Reference Collections |
| Withdrawn status | Lost status | Source of classification or shelving scheme | Damaged status | Not for loan | Home library | Current library | Date acquired | Total Checkouts | Full call number | Barcode | Date last seen | Price effective from | Koha item type | Shelving location |
|---|---|---|---|---|---|---|---|---|---|---|---|---|---|---|
| Dewey Decimal Classification | Tribhuvan University Central Library | Tribhuvan University Central Library | 03/04/2014 | 403 T69d | 137750 | 03/04/2014 | 03/04/2014 | Reference Collections | ||||||
| Dewey Decimal Classification | Tribhuvan University Central Library | Tribhuvan University Central Library | 12/08/2015 | 403 T69d | 151248 | 12/08/2015 | 12/08/2015 | Reference Collections | New Building |
